Inventory systems
Guardat en:
| Autor principal: | |
|---|---|
| Format: | Llibre |
| Idioma: | anglès |
| Publicat: |
Nueva York
John Wiley
1966
|
| Matèries: | |
| Etiquetes: |
Afegir etiqueta
Sense etiquetes, Sigues el primer a etiquetar aquest registre!
|
MARC
| LEADER | 00000nam a2200000 a 4500 | ||
|---|---|---|---|
| 001 | UCU3900 | ||
| 003 | CL-VaPUC | ||
| 008 | 960510e19660000US |||||||||||||||||eng|d | ||
| 082 | 0 | 4 | |a 519.83 |b NAD |2 21 |
| 100 | 0 | |a Naddor, Eliezer |e author |9 361113 | |
| 245 | 1 | 0 | |a Inventory systems |
| 300 | |a 341 p | ||
| 942 | |c BK | ||
| 945 | |d 19960510 00:00:00 |a lriquelm | ||
| 260 | |a Nueva York |b John Wiley |c 1966 | ||
| 650 | 7 | |a INVENTARIO DE RECURSOS |2 CL-VaPUC |9 358962 | |
| 650 | 0 | |a Teoría de probabilidades |9 336944 | |
| 650 | 7 | |a MODELOS DE INVENTARIO |2 CL-VaPUC |9 360787 | |
| 650 | 7 | |a GASTOS |2 CL-VaPUC |9 357995 | |
| 650 | 7 | |a GESTION DE RECURSOS |2 CL-VaPUC |9 358963 | |
| 583 | |a last modification |c 19960510 00:00:00 |k Rodrigo Vera | ||
| 999 | |c 247760 |d 247758 | ||
| 952 | |0 0 |1 0 |4 0 |6 519_830000000000000_NAD_1966 |7 0 |8 A |9 263902 |a BIBING |b BIBING |d 2019-11-19 |i 1658042 |o 519.83 NAD 1966 |p 1658042 |r 2025-01-20 |w 2019-11-19 |y BK |k EII | ||